Foundations of cognitive grammar
Gespeichert in:
| 1. Verfasser: | |
|---|---|
| Format: | Buch |
| Sprache: | Englisch |
| Veröffentlicht: |
Stanford
Stanford University Press
1987
|
| Schlagworte: | |
| Tags: |
Tag hinzufügen
Keine Tags, Fügen Sie den ersten Tag hinzu!
|
MARC
| LEADER | 00000nam a2200000 a 4500 | ||
|---|---|---|---|
| 001 | UCX4278 | ||
| 003 | CL-VaPUC | ||
| 008 | 920408e19870000US |||||||||||||||||eng|d | ||
| 082 | 0 | 4 | |a 415 |b LAN |2 21 |
| 100 | |a Langacker, Ronald W |e author |9 461334 | ||
| 245 | 1 | 0 | |a Foundations of cognitive grammar |
| 300 | |a 2 v | ||
| 942 | |c BK | ||
| 945 | |d 19920408 00:00:00 | ||
| 260 | |a Stanford |b Stanford University Press |c 1987 | ||
| 500 | |a v.1: Theoretical prerequisites | ||
| 500 | |a v.2: Descriptive application | ||
| 650 | 0 | |a Gramática generativa |9 313182 | |
| 650 | 0 | |a Lingüística |9 265068 | |
| 583 | |a last modification |c 19920408 00:00:00 |k Rodrigo Vera | ||
| 999 | |c 224783 |d 224781 | ||
| 952 | |0 0 |1 0 |4 0 |6 415_000000000000000_LAN_1987 |7 0 |8 A |9 221738 |a FDOPOS |b FDOPOS |d 2019-11-15 |h v.1 |i 2905884 |o 415 LAN 1987 |p 2905884 |r 2025-01-22 |w 2019-11-15 |y BK |k MLA | ||
| 952 | |0 0 |1 0 |4 0 |6 415_000000000000000_LAN_1987 |7 0 |8 A |9 221739 |a FDOPOS |b FDOPOS |d 2019-11-15 |h v.2 |i 2905892 |o 415 LAN 1987 |p 2905892 |r 2025-01-22 |w 2019-11-15 |y BK |k MLA | ||
| 952 | |0 0 |1 0 |4 0 |6 415_000000000000000_LAN_1987 |7 0 |8 A |9 221740 |a FDOPOS |b FDOPOS |d 2019-11-15 |h v.1 |i 3719413 |o 415 LAN 1987 |p 3719413 |r 2025-01-22 |w 2019-11-15 |y BK |k MLA | ||
| 952 | |0 0 |1 0 |4 0 |6 415_000000000000000_LAN_1987 |7 0 |8 A |9 221741 |a FDOPOS |b FDOPOS |d 2019-11-15 |h v.2 |i 3719898 |o 415 LAN 1987 |p 3719898 |r 2025-01-22 |w 2019-11-15 |y BK |k MLA | ||